Novel trends in production devices and systems V : special topic volume with invited peer reviewed papers only

The present publication arises from the cooperation between the Institute of Production Technologies (IPT), belonging to the Faculty of Materials Science and Technology (MTF) of the Slovak University of Technology (STU) and TRANS TECH PUBLICATIONS LTD. For the fifth time, the book aims at publishing...

Full description

Saved in:
Bibliographic Details
Other Authors Delgado Sobrino, Daynier Rolando (Editor), Velíšek, Karol (Editor)
Format Electronic eBook
LanguageEnglish
Published Zurich : Trans Tech Publications Ltd., 2019.
SeriesMaterials science forum ; volume 952.
Subjects
Online AccessFull text
ISBN9783035735154
3035735158
9783035715156
Physical Description1 online resource

Cover

LEADER 00000cam a2200000 i 4500
001 kn-on1100071480
003 OCoLC
005 20240717213016.0
006 m o d
007 cr cn|||||||||
008 190506s2019 sz o 100 0 eng d
040 |a N$T  |b eng  |e rda  |e pn  |c N$T  |d EBLCP  |d N$T  |d OCLCF  |d OCLCQ  |d TTECH  |d OCLCQ  |d OCLCO  |d OCLCQ  |d OCLCO  |d OCLCL 
020 |a 9783035735154  |q (electronic bk.) 
020 |a 3035735158  |q (electronic bk.) 
020 |z 9783035715156 
035 |a (OCoLC)1100071480 
245 0 0 |a Novel trends in production devices and systems V :  |b special topic volume with invited peer reviewed papers only /  |c edited by Daynier Rolando Delgado Sobrino and Karol Velíšek. 
246 3 1 |a NTPDS V 
264 1 |a Zurich :  |b Trans Tech Publications Ltd.,  |c 2019. 
300 |a 1 online resource 
336 |a text  |b txt  |2 rdacontent 
337 |a computer  |b c  |2 rdamedia 
338 |a online resource  |b cr  |2 rdacarrier 
490 1 |a Materials science forum ;  |v volume 952 
506 |a Plný text je dostupný pouze z IP adres počítačů Univerzity Tomáše Bati ve Zlíně nebo vzdáleným přístupem pro zaměstnance a studenty 
520 |a The present publication arises from the cooperation between the Institute of Production Technologies (IPT), belonging to the Faculty of Materials Science and Technology (MTF) of the Slovak University of Technology (STU) and TRANS TECH PUBLICATIONS LTD. For the fifth time, the book aims at publishing scientific achievements on the Materials Science and Production Technologies fields, as well as at enhancing the worldwide cooperation and recognition among young and senior academicians and/or practitioners. The book addresses trends in Materials Science and their application in industry, e.g.: composites and biomaterials, polymers, materials weldability, analysis of metals and alloys, numerical analyses and simulation of materials and etc. Most of these topics keep a direct relation to production technologies and systems and thus, always keeping a special focus on the used materials. The book also addresses some key production processes, technologies and systems. Rapid Prototyping, Additive Manufacturing, Polymers, Biomaterials, Machining Tools, Production Technologies and Processes, Welding, Forming, Milling, Cutting, Laser, Metallography, Mechanical Properties, Steel, Alloys, Coating, Finite Element Method, Simulation, Numerical Analysis Materials Science, General Engineering, Mechanical Engineering. 
590 |a Knovel  |b Knovel (All titles) 
650 0 |a Production management  |v Congresses. 
655 7 |a elektronické knihy  |7 fd186907  |2 czenas 
655 9 |a electronic books  |2 eczenas 
700 1 |a Delgado Sobrino, Daynier Rolando,  |e editor. 
700 1 |a Velíšek, Karol,  |e editor. 
830 0 |a Materials science forum ;  |v volume 952. 
856 4 0 |u https://proxy.k.utb.cz/login?url=https://app.knovel.com/hotlink/toc/id:kpNTPDSVN6/novel-trends-in?kpromoter=marc  |y Full text